00584nam a2200133Ia 4500008004100000020002200041100002500063245012200088260004900210300002800259650001100287999001900298952013300317200907s9999 xx 000 0 und d a978-971-98-1207-4 aGo-Monilla, Peter R. cPeter R. Go-Monilla, Kristoffer Kiel M. Santos, Kimson Gener G. Kong, Ronnie M. GillegoaEthics:ba modular approach/ aQuezon City:bC and E Publishing, Inc.c2019 aviii, 263 pagesc22 cm. aEthics c364077d364077 001040aCLbCLcFILd2020-09-07eLibrary Fundl4m14oBJ 1025 .G6 2019pC22256r2023-06-19 00:00:00s2023-02-16w2020-09-07yBK